Catalog

Record Details

Catalog Search



Available copies

  • 1 of 2 copies available at LARL/NWRL Consortium.
  • 1 of 2 copies available at Lake Agassiz Regional Library. (Show preferred library)

Current holds

0 current holds with 2 total copies.

Show Only Available Copies
Location Call Number / Copy Notes Barcode Shelving Location Status Due Date
Ada Public Library SHE (Text) 33500014416374 New Checked out 07/14/2026
Moorhead Public Library SHE (Text) 33500014416382 New Available -

Record details

  • ISBN: 9780063236615
  • ISBN: 0063236613
  • ISBN: 9780063236622
  • ISBN: 0063236621
  • ISBN: 9780063441996
  • ISBN: 0063441993
  • Physical Description: 372 pages ; 24 cm.
  • Edition: First edition.
  • Publisher: New York, NY : William Morrow, an imprint of HarperCollinsPublishers, [2026]

Content descriptions

General Note:
"Ian Fleming."
Summary, etc.:
"James Bond returns in the final installment of ... Read More
Bond is alive. But after mental and physical ... Read More
Subject: Bond, James (Fictitious character) > Fiction.
Great Britain. MI6 > Officials and employees > Fiction.
Revenge > Fiction.
Spies > Fiction.
Traitors > Fiction.
Cyberterrorism > Fiction.
Revenge.
Spies.
Traitors.
Cyberterrorism.
traitors.
Genre: Spy fiction.
Thrillers (Fiction)
Spy fiction.
Action and adventure fiction.
Thrillers (Fiction)
Novels.
LDR 04734cam a22008058i 4500
001482200
003LARL_NWRL_CONSORTIUM
00520260611220823.0
008260316t20262026nyu e 000 1 eng
007ta
010 . ‡a 2025053677
040 . ‡aDLC ‡beng ‡erda ‡cDLC ‡dOCLCO ‡dRNL ‡dOCLCO ‡dHBP ‡dJAS ‡dVP@ ‡dOCLCO ‡dOTP ‡dMLSOD
020 . ‡a9780063236615 ‡qhardcover
020 . ‡a0063236613 ‡qhardcover
020 . ‡a9780063236622 ‡qpaperback
020 . ‡a0063236621 ‡qpaperback
020 . ‡a9780063441996
020 . ‡a0063441993
020 . ‡z9780063236639 ‡qebook
035 . ‡a(OCoLC)1579796155
042 . ‡apcc
08204. ‡a[Fic] ‡223
1001 . ‡aSherwood, Kim, ‡d1989- ‡eauthor. ‡4aut ‡4http://id.loc.gov/vocabulary/relators/aut ‡1https://id.oclc.org/worldcat/entity/E39PCjHRmCtR3G3rRDXBKBMbbb ‡1http://id.loc.gov/rwo/agents/n2022026806
24510. ‡aHurricane room / ‡cKim Sherwood.
250 . ‡aFirst edition.
264 1. ‡aNew York, NY : ‡bWilliam Morrow, an imprint of HarperCollinsPublishers, ‡c[2026]
264 4. ‡c©2026
300 . ‡a372 pages ; ‡c24 cm.
334 . ‡asingle unit ‡bmono ‡0http://id.loc.gov/vocabulary/issuance/mono
336 . ‡atext ‡btxt ‡2rdacontent ‡0http://id.loc.gov/vocabulary/contentTypes/txt
337 . ‡aunmediated ‡bn ‡2rdamedia ‡0http://id.loc.gov/vocabulary/mediaTypes/n
338 . ‡avolume ‡bnc ‡2rdacarrier ‡0http://id.loc.gov/vocabulary/carriers/nc
4900 . ‡aDouble O ; ‡v3
500 . ‡a"Ian Fleming."
520 . ‡a"James Bond returns in the final installment of Kim Sherwood's thrilling Double O Trilogy, and he must team up with the rest of the Double O Section to stop a threat from inside the agency itself"-- Provided by publisher.
520 . ‡aBond is alive. But after mental and physical torture at the hands of Colonel Mora, the diabolical head of private military company Rattenfänger, 007 is not the same man he once was. Has the unbreakable agent finally been broken? Or is MI6's most lethal spy simply waiting for the right moment to exact revenge? Johanna Harwood, 003, has made it her mission to convince him to trust her again, because MI6 needs their deadliest weapon now more than ever... There's a traitor inside the gates. Bond may be back, but the Double O division is barely holding on. Conrad Harthrop-Vane, 000, has turned traitor. He has been systematically taking out his fellow agents right under the noses of those in power, and now he has abducted Moneypenny. To make matters worse, he may have had help from inside the organization. Joseph Dryden, 004, is left to hold down the fort in Moneypenny's absence, but enemies are closing in on all sides. The final showdown is about to begin. Rattenfänger is planning a cyberattack on an unimaginable scale-- one that would sever the internet, leaving the Western world at Mora's mercy. It's up to Bond, the rest of the Double O's, and a few other trusted allies to unmask the traitors working with Mora. Can they save the world--and the soul of 007?
60010. ‡aBond, James ‡c(Fictitious character) ‡vFiction. ‡1http://id.loc.gov/rwo/agents/no2014075438
61010. ‡aGreat Britain. ‡bMI6 ‡xOfficials and employees ‡vFiction.
650 0. ‡aRevenge ‡vFiction. ‡0(LARL_NWRL_CONSORTIUM)167017
650 0. ‡aSpies ‡vFiction. ‡0(LARL_NWRL_CONSORTIUM)176180
650 0. ‡aTraitors ‡vFiction.
650 0. ‡aCyberterrorism ‡vFiction.
650 0. ‡aRevenge. ‡0(LARL_NWRL_CONSORTIUM)29769
650 0. ‡aSpies. ‡0(LARL_NWRL_CONSORTIUM)31707
650 0. ‡aTraitors. ‡0(LARL_NWRL_CONSORTIUM)39818
650 0. ‡aCyberterrorism. ‡0(LARL_NWRL_CONSORTIUM)12485
650 7. ‡atraitors. ‡2aat ‡0(LARL_NWRL_CONSORTIUM)39818
655 0. ‡aSpy fiction.
655 0. ‡aThrillers (Fiction)
655 7. ‡aSpy fiction. ‡2lcgft
655 7. ‡aAction and adventure fiction. ‡2lcgft
655 7. ‡aThrillers (Fiction) ‡2lcgft
655 7. ‡aNovels. ‡2lcgft
758 . ‡1http://id.loc.gov/resources/instances/in00024497942
758 . ‡4http://id.loc.gov/ontologies/bibframe/instanceOf ‡1http://id.loc.gov/resources/works/in00024497942
77608. ‡iOnline version ‡4http://id.loc.gov/entities/relationships/onlineversion ‡aSherwood, Kim, 1989- ‡tHurricane room ‡bFirst edition ‡dNew York, NY : William Morrow, an imprint of HarperCollinsPublishers, 2026 ‡z9780063236639 ‡w(DLC) 2025053678
884 . ‡aDLC bibframe2marc v3.1-dev ‡g20260316 ‡qDLC ‡uhttps://github.com/lcnetdev/bibframe2marc/tree/v3.1-dev
901 . ‡a482200 ‡bOCoLC ‡c482200 ‡tbiblio ‡soclc

Additional Resources